[Event "AUTO-MASTER-552"]
[Site "http://www.queenalice.com/game.php?id=423475"]
[Date "2008.6.26"]
[Round "1"]
[White "li2carpio"]
[Black "CWynn"]
[Result "0-1"]
[WhiteElo "1890"]
[BlackElo "2176"]

1. e4 Nf6 2. e5 Nd5 3. d4 d6 4. c4 Nb6 5. Nf3 g6 6. h3 Bg7 7. Bf4 f6 8. exf6
exf6 9. Be2 Be6 10. d5 Bf7 11. O-O O-O 12. Nc3 N8d7 13. Qd2 Re8 14. Bd3 a5 15.
Rfe1 Nc5 16. Bf1 g5 17. Be3 Nbd7 18. Bd4 b6 19. Rac1 Bg6 20. Rxe8+ Qxe8 21. Re1
Qf7 22. Nb5 Ne4 23. Qc1 Ndc5 24. Nd2 Re8 25. Nc3 h6 26. Ndxe4 Nxe4 27. Nxe4 Rxe4
28. Rxe4 Bxe4 29. Qe3 f5 30. Bxg7 Kxg7 31. Qc1 f4 32. Qd1 Qf6 33. b3 f3 34. g3
Qc3 35. Kh2 h5 36. Kg1 Kg6 37. Kh2 Kf5 38. g4+ hxg4 39. hxg4+ Kxg4 40. Bh3+ Kh4
41. Bc8 g4 42. Qg1 Qe5+ 43. Kh1 g3 44. Qc1 Kh5 45. Qe3 Qa1+ 0-1

[Event "AUTO-MASTER-552"]
[Site "http://www.queenalice.com/game.php?id=423476"]
[Date "2008.6.26"]
[Round "1"]
[White "CWynn"]
[Black "li2carpio"]
[Result "1-0"]
[WhiteElo "2160"]
[BlackElo "1909"]

1. e4 c5 2. Nf3 Nc6 3. d4 cxd4 4. Nxd4 a6 5. Be3 d6 6. c4 h6 7. Nc3 Nf6 8. Be2
Bd7 9. O-O e6 10. f4 Be7 11. Qd2 Qc7 12. Rac1 g6 13. a3 Nxd4 14. Bxd4 Bc6 15.
Nd5 exd5 16. cxd5 Qd7 17. dxc6 bxc6 18. Bf3 c5 19. e5 dxe5 20. fxe5 Nd5 21. e6
Qxe6 22. Bxh8 Rd8 23. Rce1 Qd6 24. Qxd5 Qxd5 25. Bxd5 Rxd5 26. Bf6 Rd7 27. Rxe7+
Rxe7 28. Bxe7 1-0

[Event "Let's Play Chess!"]
[Site "http://www.queenalice.com/game.php?id=625285"]
[Date "2009.7.27"]
[Round "-"]
[White "KennyB"]
[Black "CWynn"]
[Result "0-1"]
[WhiteElo "1951"]
[BlackElo "2132"]

1. e4 e5 2. Nf3 Nc6 3. Bb5 a6 4. Bxc6 dxc6 5. d4 exd4 6. Qxd4 Qxd4 7. Nxd4 c5 8.
Nf3 Nf6 9. Nc3 Be6 10. Bg5 Be7 11. Rd1 c6 12. O-O h6 13. Bh4 g5 14. Bg3 O-O 15.
Rd2 Nd7 16. Rfd1 Nb6 17. Ne5 Bf6 18. Ne2 Bxe5 19. Bxe5 Nc4 20. Bd6 Rfd8 21. Rd3
Nxb2 22. Bxc5 Nxd1 23. Rxd8+ Rxd8 0-1

[Event "Let's Play Chess!"]
[Site "http://www.queenalice.com/game.php?id=625286"]
[Date "2009.7.27"]
[Round "-"]
[White "CWynn"]
[Black "KennyB"]
[Result "1-0"]
[WhiteElo "2120"]
[BlackElo "1898"]

1. d4 e6 2. c4 d5 3. Nc3 Nf6 4. Bg5 Bb4 5. cxd5 Bxc3+ 6. bxc3 exd5 7. e3 O-O 8.
Bd3 c6 9. Qb3 Re8 10. Nf3 Nbd7 11. O-O Nb6 12. a4 Bg4 13. Ne5 Be6 14. a5 Nc4 15.
Bxc4 dxc4 16. Qxb7 Bd5 17. e4 Re7 18. Qb4 Bxe4 19. Qxc4 Bd5 20. Qc5 Rc8 21. c4
Be4 22. Ng4 Re6 23. Rfe1 Bf5 24. Bxf6 gxf6 25. Nh6+ Kh8 26. Nxf5 1-0

[Event "AUTO-MASTER-861"]
[Site "http://www.queenalice.com/game.php?id=625426"]
[Date "2009.7.27"]
[Round "1"]
[White "RedBaronIII"]
[Black "CWynn"]
[Result "1-0"]
[WhiteElo "2138"]
[BlackElo "2161"]

1. d4 d5 2. c4 c6 3. Nc3 Nf6 4. e3 e6 5. Nf3 Nbd7 6. Bd3 dxc4 7. Bxc4 b5 8. Bd3
Bb7 9. e4 b4 10. Na4 c5 11. e5 Nd5 12. O-O cxd4 13. Re1 g6 14. Bg5 Qa5 15. Nxd4
Be7 16. Bxe7 Kxe7 17. Bb5 Rhd8 18. Bc6 Qc7 19. Rc1 Rac8 20. Bxd5 Qxc1 21. Qxc1
Rxc1 22. Rxc1 Bxd5 23. Rc7 Kf8 24. f4 Bxa2 25. Nc6 1-0

[Event "AUTO-MASTER-861"]
[Site "http://www.queenalice.com/game.php?id=625427"]
[Date "2009.7.27"]
[Round "1"]
[White "CWynn"]
[Black "RedBaronIII"]
[Result "1-0"]
[WhiteElo "2133"]
[BlackElo "2141"]

1. e4 c5 2. Nf3 e6 3. d4 cxd4 4. Nxd4 Nf6 5. Nc3 Nc6 6. Ndb5 d6 7. Bf4 e5 8. Bg5
Be7 9. Bxf6 Bxf6 10. Nxd6+ Kf8 11. Bc4 Be6 12. Bxe6 fxe6 13. Nxb7 Qb6 14. Qd7
Rb8 15. Nd6 Nd8 16. Qe8# 1-0

[Event "AUTO-MASTER-861"]
[Site "http://www.queenalice.com/game.php?id=625442"]
[Date "2009.7.27"]
[Round "1"]
[White "jumer6"]
[Black "CWynn"]
[Result "0-1"]
[WhiteElo "2058"]
[BlackElo "2113"]

1. c4 c5 2. Nc3 Nc6 3. e3 Nf6 4. d4 d5 5. Nf3 cxd4 6. exd4 Bg4 7. cxd5 Nxd5 8.
Bb5 Rc8 9. Qa4 Bxf3 10. gxf3 a6 11. Bxc6+ Rxc6 12. Bd2 e6 13. Rc1 b5 14. Qb3 Bb4
15. Rg1 g6 16. Ke2 Bxc3 17. bxc3 Qc7 18. h4 O-O 19. h5 Nf4+ 20. Bxf4 Qxf4 21.
hxg6 fxg6 22. Qc2 Qxf3+ 23. Ke1 Rf5 24. Rg3 Qf4 25. Rd1 b4 26. c4 Rxc4 27. Qe2
Kf7 28. Rh3 Rxd4 29. Rxd4 Qxd4 30. Rxh7+ Kg8 31. Rh3 Qa1+ 32. Qd1 Re5+ 33. Re3
Qxd1+ 34. Kxd1 Rxe3 35. fxe3 a5 36. Kc2 g5 0-1

[Event "AUTO-MASTER-861"]
[Site "http://www.queenalice.com/game.php?id=625443"]
[Date "2009.7.27"]
[Round "1"]
[White "CWynn"]
[Black "jumer6"]
[Result "1-0"]
[WhiteElo "2151"]
[BlackElo "2114"]

1. Nf3 Nf6 2. c4 e6 3. Nc3 Bb4 4. g3 c5 5. Bg2 d5 6. cxd5 exd5 7. d4 Qa5 8. O-O
Bxc3 9. bxc3 Qxc3 10. Bg5 Ne4 11. Rc1 Qa5 12. dxc5 Be6 13. Qc2 Nc6 14. Be3 Rc8
15. Qb2 O-O 16. Nd4 Nxc5 17. Rxc5 Qc7 18. Nxc6 bxc6 19. Rfc1 Qd7 20. Qc2 Bf5 21.
Qa4 Qb7 22. Bd4 h6 23. Ra5 Ra8 24. h3 Rfc8 25. a3 a6 26. Rac5 Bd7 27. Kh2 Be8
28. e4 dxe4 29. Bxe4 Qe7 30. Bxc6 Bxc6 31. Rxc6 Rd8 32. Be3 a5 33. Rc7 Qf6 34.
Qf4 Qe6 35. R1c6 Qb3 36. Qc4 a4 37. Rb6 Qxc4 38. Rxc4 Rd3 39. Bc1 Rd1 40. Rbb4
Kh7 41. Be3 Rd3 42. Rxa4 Rxa3 43. Rxa8 Rxa8 44. g4 Ra6 45. Kg3 Kg6 46. Rc5 Re6
47. Rf5 Re4 48. h4 f6 49. h5+ Kf7 50. Ra5 Rc4 51. Bc5 Kg8 52. Ra8+ Kh7 53. Be3
Rc6 54. Ra7 Kg8 55. Kf4 Rc4+ 56. Kf5 Kh7 57. f4 Rc6 58. Rd7 Ra6 59. Bd4 Ra5+ 60.
Ke4 Ra6 61. g5 hxg5 62. fxg5 fxg5 63. Bxg7 Ra4+ 64. Kf5 Ra5+ 65. Kg4 Rb5 66. h6
Kg6 67. Rd6+ Kh7 68. Rf6 Ra5 69. Rf5 Ra4+ 70. Kxg5 Ra2 71. Be5 Ra7 72. Kh5 Re7
73. Rg5 Rf7 74. Rg7+ Rxg7 75. hxg7 Kg8 76. Kh6 1-0

[Event "AUTO-MASTER-861"]
[Site "http://www.queenalice.com/game.php?id=625452"]
[Date "2009.7.27"]
[Round "1"]
[White "deltaboy"]
[Black "CWynn"]
[Result "1-0"]
[WhiteElo "2323"]
[BlackElo "2162"]

1. d4 Nf6 2. f4 d5 3. Nf3 g6 4. e3 Bg7 5. c4 c6 6. Nc3 Bg4 7. cxd5 cxd5 8. Bb5+
Nbd7 9. O-O O-O 10. Qb3 Bxf3 11. gxf3 e6 12. Bd2 a6 13. Bd3 Nh5 14. Be1 Qf6 15.
Ne2 b5 16. Rf2 Nb6 17. Rg2 Nc4 18. Bc2 Rac8 19. Bd1 a5 20. Rb1 a4 21. Qd3 Qf5
22. e4 Nxf4 23. Nxf4 Qxf4 24. Bb4 Rfd8 25. e5 Qe3+ 26. Qxe3 Nxe3 27. Ba5 Rd7 28.
Re2 Nf5 29. Bb6 Bf8 30. Rc2 Rxc2 31. Bxc2 Rb7 32. Bxf5 exf5 33. Bc5 Bxc5 34.
dxc5 Rc7 35. Rc1 Kf8 36. f4 Ke7 37. c6 Ke6 38. h4 d4 39. Rc5 f6 40. exf6 Kxf6
41. Kf2 h6 42. Ke2 g5 43. fxg5+ hxg5 44. hxg5+ Kxg5 45. Kd3 Kg4 46. Kxd4 f4 47.
Kd5 f3 48. Kd6 Rc8 49. Kd7 f2 50. Rc1 Rf8 51. c7 Rf7+ 52. Kc6 f1=Q 53. Rxf1 1-0

[Event "AUTO-MASTER-861"]
[Site "http://www.queenalice.com/game.php?id=625453"]
[Date "2009.7.27"]
[Round "1"]
[White "CWynn"]
[Black "deltaboy"]
[Result "0-1"]
[WhiteElo "2130"]
[BlackElo "2305"]

1. d4 Nf6 2. c4 g6 3. Nc3 Bg7 4. e4 d6 5. Be2 O-O 6. Nf3 c5 7. d5 Nbd7 8. O-O a6
9. a4 Rb8 10. h3 Ne8 11. Bf4 Ne5 12. Nxe5 dxe5 13. Be3 Qc7 14. a5 Nd6 15. f3 Bd7
16. Na4 Bxa4 17. Qxa4 f5 18. b4 cxb4 19. c5 Ne8 20. Qxb4 fxe4 21. fxe4 Rxf1+ 22.
Rxf1 Nf6 23. Bd3 Rf8 24. Qb6 Qd7 25. Rb1 Qa4 26. Qb4 Qa2 27. c6 bxc6 28. dxc6
Kh8 29. c7 Qe6 30. Qb6 Qd7 31. Bxa6 Ng8 32. Qb8 Qc6 33. Qxf8 Bxf8 34. c8=Q Qxe4
35. Qc1 e6 36. Bb7 Qd3 37. a6 Ba3 38. Qe1 Kg7 39. a7 Nf6 40. a8=Q Nd5 0-1

[Event "Challenge"]
[Site "http://www.queenalice.com/game.php?id=629955"]
[Date "2009.8.3"]
[Round "-"]
[White "CWynn"]
[Black "Canaye"]
[Result "0-1"]
[WhiteElo "2139"]
[BlackElo "1911"]

1. e4 e6 2. d4 d5 3. Nc3 dxe4 4. Nxe4 Nd7 5. Nf3 Ngf6 6. Bg5 Be7 7. Nxf6+ Bxf6
8. h4 h6 9. Be3 c5 10. Qd2 cxd4 11. Nxd4 O-O 12. O-O-O Qb6 13. g4 Nc5 14. Nb3
Rd8 15. Qe2 a5 16. Bxc5 Qc6 17. Rxd8+ Bxd8 18. Rh3 a4 19. Ba3 axb3 20. axb3 b6
21. Qb5 Bb7 22. Qxc6 Bxc6 23. Bd3 Bf6 0-1

[Event "Challenge #1"]
[Site "http://www.queenalice.com/game.php?id=635185"]
[Date "2009.8.12"]
[Round "-"]
[White "Aylton"]
[Black "CWynn"]
[Result "0-1"]
[WhiteElo "1980"]
[BlackElo "2125"]

1. d4 Nf6 2. Nf3 d5 3. e3 Bf5 4. c4 e6 5. Nc3 c6 6. Bd3 Nbd7 7. O-O g6 8. h3 Bg7
9. Bxf5 exf5 10. cxd5 cxd5 11. b3 O-O 12. Bb2 Re8 13. Rc1 Bh6 14. Re1 f4 15.
exf4 Bxf4 16. Rxe8+ Qxe8 17. Rc2 Rc8 18. Re2 Qf8 19. g3 Bh6 20. Kg2 a6 21. g4
Bg7 22. Ne5 Nb6 23. f4 Qd6 24. Kf3 Nfd7 25. Qd3 f6 26. Nxd7 Nxd7 27. Qe3 f5 28.
g5 Kf7 29. h4 Nf8 30. Na4 Ne6 31. Rd2 Re8 32. Kg3 Nxg5 33. Qxe8+ Kxe8 34. hxg5
h6 35. Re2+ Kf7 36. gxh6 Bxh6 37. Bc1 g5 38. Rf2 gxf4+ 39. Bxf4 Bxf4+ 40. Rxf4
Kf6 41. Kf3 Kg5 0-1

[Event "Challenge #2"]
[Site "http://www.queenalice.com/game.php?id=635186"]
[Date "2009.8.12"]
[Round "-"]
[White "CWynn"]
[Black "Aylton"]
[Result "1-0"]
[WhiteElo "2123"]
[BlackElo "2028"]

1. d4 Nf6 2. c4 e6 3. Nc3 d5 4. Bg5 Nbd7 5. cxd5 exd5 6. e3 c6 7. Bd3 h6 8. Bh4
Bb4 9. f3 Qa5 10. Ne2 O-O 11. O-O a6 12. e4 dxe4 13. fxe4 b5 14. e5 Nd5 15. Nxd5
cxd5 16. a3 Bd2 17. Rf3 Bg5 18. Bxg5 hxg5 19. Rg3 f6 20. exf6 gxf6 21. h4 Qd8
22. Nc3 Bb7 23. Qh5 Rf7 24. hxg5 fxg5 25. Rxg5+ Rg7 26. Rxg7+ Kxg7 27. Qg6+ Kf8
28. Rf1+ 1-0

[Event "Challenge #3"]
[Site "http://www.queenalice.com/game.php?id=641470"]
[Date "2009.8.24"]
[Round "-"]
[White "Aylton"]
[Black "CWynn"]
[Result "0-1"]
[WhiteElo "1963"]
[BlackElo "2155"]

1. d4 Nf6 2. Nf3 e6 3. e3 c5 4. c4 b6 5. Nc3 Bb7 6. Be2 a6 7. O-O g6 8. h3 Bg7
9. b3 O-O 10. Bb2 cxd4 11. Nxd4 d5 12. cxd5 Nxd5 13. Nxd5 Bxd5 14. Rc1 Ra7 15.
Qc2 Rd7 16. Rfd1 e5 17. Nf3 Nc6 18. e4 Nb4 19. Qb1 Bb7 20. a3 Nc6 21. Rxd7 Qxd7
22. Rd1 Qe7 23. b4 Rd8 24. Rxd8+ Qxd8 25. Qa1 Qd6 26. Kf1 Nd4 27. Nxd4 exd4 28.
f3 Be5 29. Bd3 h5 30. Qc1 Bf4 31. Qc4 Be3 32. Ke2 Qg3 33. Kd1 Qxg2 34. Be2 Qh1+
35. Kc2 Qe1 36. Kb3 b5 37. Qc2 Kf8 38. Qd1 Qxd1+ 39. Bxd1 Bc8 40. h4 Be6+ 41.
Kc2 Bc4 42. Bc1 Ke7 43. Bb2 Ke6 44. Bc1 Ke5 45. Bd2 Kf4 46. Be1 Bf1 47. Kb3 d3
48. Kc3 Be2 49. Bxe2 dxe2 50. Kd3 Kxf3 51. e5 Bf4 52. Kd4 Bg3 0-1

[Event "Challenge #4"]
[Site "http://www.queenalice.com/game.php?id=641471"]
[Date "2009.8.24"]
[Round "-"]
[White "CWynn"]
[Black "Aylton"]
[Result "1-0"]
[WhiteElo "2145"]
[BlackElo "1930"]

1. e4 c5 2. Nf3 Nc6 3. d4 cxd4 4. Nxd4 e5 5. Nb5 d6 6. c4 a6 7. N5c3 Be7 8. Be2
f5 9. exf5 Bxf5 10. Be3 Nf6 11. O-O O-O 12. a3 h6 13. Na4 Rb8 14. Bb6 Qd7 15.
Nbc3 Bd8 16. Rc1 Bxb6 17. Nxb6 Qc7 18. Ncd5 Nxd5 19. Nxd5 Qd8 20. Bg4 Bxg4 21.
Qxg4 Nd4 22. Rc3 Qe8 23. Rg3 Qf7 24. f4 e4 25. f5 Rbe8 26. f6 g5 27. h4 Kh7 28.
hxg5 hxg5 29. Rh3+ Kg8 30. Qxg5+ 1-0

[Event "Challenge"]
[Site "http://www.queenalice.com/game.php?id=642911"]
[Date "2009.8.26"]
[Round "-"]
[White "CWynn"]
[Black "MarcD"]
[Result "0-1"]
[WhiteElo "2123"]
[BlackElo "2165"]

1. e4 c5 2. Nf3 Nc6 3. d4 cxd4 4. Nxd4 d6 5. c4 Bd7 6. Nc3 Nf6 7. g3 g6 8. Bg2
Bg7 9. Nde2 O-O 10. O-O Rc8 11. b3 b6 12. Bb2 Ng4 13. h3 Nf6 0-1

[Event "Challenge"]
[Site "http://www.queenalice.com/game.php?id=642912"]
[Date "2009.8.26"]
[Round "-"]
[White "MarcD"]
[Black "CWynn"]
[Result "1-0"]
[WhiteElo "2176"]
[BlackElo "2112"]

1. d4 Nf6 2. Nf3 g6 3. Bf4 Bg7 4. e3 O-O 5. Bd3 d6 6. Nbd2 Nh5 7. Bg3 Bg4 8. c3
e5 9. dxe5 dxe5 10. Be2 Nc6 11. O-O Nxg3 12. hxg3 Re8 13. Re1 h5 14. Qc2 Qe7 15.
Rad1 1-0

[Event "Challenge"]
[Site "http://www.queenalice.com/game.php?id=644526"]
[Date "2009.8.30"]
[Round "-"]
[White "Ebbe"]
[Black "CWynn"]
[Result "1-0"]
[WhiteElo "1953"]
[BlackElo "2148"]

1. e4 e5 2. Nf3 Nc6 3. Bc4 Bc5 4. d3 d6 5. O-O Nf6 6. h3 h6 7. c3 Bb6 8. Bb5 O-O
9. Bxc6 bxc6 10. b3 Re8 11. c4 d5 12. d4 dxe4 13. Nxe5 Qxd4 14. Nxc6 Qxa1 15.
Qc2 Bb7 16. Nc3 Bxc6 17. Bb2 Qxf1+ 18. Kxf1 Bd4 19. Bc1 Rad8 20. Ne2 Be5 21. Be3
a5 22. c5 Nd5 23. Bd2 1-0